The origins of political order : (Record no. 14989)

000 -LEADER
fixed length control field 01231cam a2200325 a 4500
001 - CONTROL NUMBER
control field 16449818
005 - DATE AND TIME OF LATEST TRANSACTION
control field 20170105102908.0
008 - FIXED-LENGTH DATA ELEMENTS--GENERAL INFORMATION
fixed length control field 100908s2011 nyuab b 001 0 eng
010 ## - LIBRARY OF CONGRESS CONTROL NUMBER
LC control number 2010038534
020 ## - INTERNATIONAL STANDARD BOOK NUMBER
International Standard Book Number 9780374227340 (alk. paper)
020 ## - INTERNATIONAL STANDARD BOOK NUMBER
International Standard Book Number 0374227349 (alk. paper)
035 ## - SYSTEM CONTROL NUMBER
System control number (OCoLC)ocn650212556
040 ## - CATALOGING SOURCE
Original cataloging agency DLC
Transcribing agency DLC
Modifying agency YDX
-- BTCTA
-- YDXCP
-- UPZ
-- WIQ
-- IUK
-- DLC
050 00 - LIBRARY OF CONGRESS CALL NUMBER
Classification number JC11
Item number .F85 2011
082 00 - DEWEY DECIMAL CLASSIFICATION NUMBER
Classification number 320.9
Edition number 22
100 1# - MAIN ENTRY--PERSONAL NAME
Personal name Fukuyama, Francis.
245 14 - TITLE STATEMENT
Title The origins of political order :
Remainder of title from prehuman times to the French Revolution /
Statement of responsibility, etc. Francis Fukuyama.
250 ## - EDITION STATEMENT
Edition statement 1st ed.
260 ## - PUBLICATION, DISTRIBUTION, ETC.
Place of publication, distribution, etc. New York :
Name of publisher, distributor, etc. Farrar, Straus and Giroux,
Date of publication, distribution, etc. 2011.
300 ## - PHYSICAL DESCRIPTION
Extent xiv, 585 p. :
Other physical details ill., maps ;
Dimensions 24 cm.
504 ## - BIBLIOGRAPHY, ETC. NOTE
Bibliography, etc. note Includes bibliographical references and index.
520 ## - SUMMARY, ETC.
Summary, etc. Francis Fukuyama examines the paths that different societies have taken to reach their current forms of political order.
650 #0 - SUBJECT ADDED ENTRY--TOPICAL TERM
Topical term or geographic name entry element State, The
General subdivision History.
650 #0 - SUBJECT ADDED ENTRY--TOPICAL TERM
Topical term or geographic name entry element Order
General subdivision History.
650 #0 - SUBJECT ADDED ENTRY--TOPICAL TERM
Topical term or geographic name entry element Comparative government
General subdivision History.
650 #0 - SUBJECT ADDED ENTRY--TOPICAL TERM
Topical term or geographic name entry element Democracy
General subdivision History.
906 ## - LOCAL DATA ELEMENT F, LDF (RLIN)
a 7
b cbc
c orignew
d 1
e ecip
f 20
g y-gencatlg
942 ## - ADDED ENTRY ELEMENTS (KOHA)
Source of classification or shelving scheme
Koha item type Book
Holdings
Withdrawn status Lost status Damaged status Not for loan Collection code Permanent Location Current Location Shelving location Date acquired Total Checkouts Full call number Barcode Date last seen Date last checked out Price effective from Koha item type
          Centre for International Peace & Stability (CIPS) Centre for International Peace & Stability (CIPS) General Stacks 10/01/2013 1 320.9 FUK 2012 CIPS0001583 03/07/2025 09/18/2024 10/25/2013 Book
© 2023 Central Library, National University of Sciences and Technology. All Rights Reserved.